000 00232nam a22000857a 4500
008 160914b xxu||||| |||| 00| 0 eng d
100 _9423
_aMalhotra.S. etal
245 _aMental Mathematics-V
260 _aNew Delhi
_bFrank Publication
_c2012
999 _c3082
_d3082